Computer graphics (Record no. 5024)

MARC details
000 -LEADER
fixed length control field 00491nam a2200181Ia 4500
003 - CONTROL NUMBER IDENTIFIER
control field SGT
020 ## - INTERNATIONAL STANDARD BOOK NUMBER
International Standard Book Number 9788120338296
082 ## - DEWEY DECIMAL CLASSIFICATION NUMBER
Classification number 6.6
Item number HIL
100 ## - MAIN ENTRY--PERSONAL NAME
Personal name Hill,F.S
245 ## - TITLE STATEMENT
Title Computer graphics
250 ## - EDITION STATEMENT
Edition statement 3rd Ed.
260 ## - PUBLICATION, DISTRIBUTION, ETC. (IMPRINT)
Name of publisher, distributor, etc PHI Learning Private Limited
Place of publication, distribution, etc New Delhi
Year of Publication 2009
300 ## - PAGE DESCRIPTION
No. of Pages 778p.
650 ## - SUBJECT ADDED ENTRY--TOPICAL TERM
Topical term or geographic name as entry element COMPUTER SCIENCE
653 ## - KEYWORDS--INDEX TERM
Keyword term INTRODUCTION TO COMPUTER GRAPHICS, INITIAL STEPS IN DRAWING FIGURES, ADDITIONAL DRAWING TOOLS
700 ## - ADDED ENTRY--PERSONAL NAME
Personal name Kelley,S.M
942 ## - ADDED ENTRY ELEMENTS (KOHA)
Source of classification or shelving scheme Dewey Decimal Classification
Koha item type Books
942 ## - ADDED ENTRY ELEMENTS (KOHA)
-- 2
Holdings
Withdrawn status Lost status Source of classification or shelving scheme Damaged status Not for loan Home library Current library Date acquired SGTU Total Checkouts Full call number Accession No. (Barcode) Date last seen Date last borrowed Bill Date Koha item type Total Renewals
    Dewey Decimal Classification     SGT Engineering Library SGT Engineering Library 14/05/2010 SGTU 1 6.6 HIL FE2295 14/06/2017 20/04/2017 09/02/2015 Books  
    Dewey Decimal Classification     SGT Engineering Library SGT Engineering Library 14/05/2010 SGTU 2 6.6 HIL FE2296 30/08/2022 02/05/2022 09/02/2015 Books 1
    Dewey Decimal Classification     SGT Engineering Library SGT Engineering Library 14/05/2010 SGTU   6.6 HIL FE2297 09/02/2015   09/02/2015 Books